000 00777nam a2200193 i 4500
001 68783
003 ES-MaACL
005 20230906170348.0
007 t|
008 960829s1875 sp ||||1| spa d
040 _aCAM
_bspa
_cCAM
100 1 _aGiné y Partagás, Juan (
_d1836-1903)
_957111
245 1 0 _aProyecto relativo a la instalación de casas de distrito para la verificación de las defunciones y de socorro anexo al de los nuevos cementerios para la ciudad de Barcelona /
_cpor Juan Giné y Partagás.
260 _aBarcelona :
_bLibrería de Juan y Antonio Bastinos editores,
_c1875.
300 _a23 p. ;
_c28 cm.
650 4 _aMuerte-
_xPruebas y certificación.
_9170239
650 4 _aServicios funerarios-
_zBarcelona.
_9170240
852 _aES-MaACL
_jT-176-F-8
999 _c68783
_d68783